QCM sur la coupe du monde 2026 - Statistiques

Statistiques générales
  • Ce quiz a été pris 281 fois
  • Le résultat moyen est 7 sur 10
Statistiques - réponses
Question Réponse % Correct
Laquelle de ces équipes n'affrontera pas la France lors des phases de poules de la Coupe du Monde ? Mali
94%
Lequel de ces pays ne disputera pas la coupe du monde ? Chine
84%
C'est la combientième fois que le Qatar disputera le coupe du monde ? 2ème
82%
Combien d'équipes disputerons la Coupe du Monde ? 48
78%
Quel est la nationalité de Moussa Niakhaté ? Sénégalaise
70%
Roberto Martinez est le sélectionneur… du Portugal
69%
Dans quelle groupe jouera le Brésil lors de la Coupe du Monde ? Groupe C
63%
L'Allemagne est dans le groupe D Faux
50%
Quel est le surnom des joueurs de l'équipe national du Bénin ? Les guépards
45%
Quelle est l'emblème de la Fédération national du Japon ? Un corbeau
41%
Aucun quiz correspondant
Distribution des résultats
% des personnes avec chaque résultat
Percentile par nombre de réponses
Votre historique - résultats
Vous n’avez pas pris ce quiz